00000000nas 2200000zi 4500
0019.945703
003CaOODSP
00520250131153828
006m     o  d f      
007cr cn ||||||||
008241128c20259999qucar p o    f0###b0fre|d
022 |a2818-8896
040 |aCaOODSP|bfre|erda|cCaOODSP
043 |an-cn---
0861 |aEm9-19F-PDF
222 3|aUn cadre d'indicateurs de rendement pour les données sur l'accessibilité. L'acquisition de biens, de services et d'installations
24503|aUn cadre d'indicateurs de rendement pour les données sur l'accessibilité. |pL'acquisition de biens, de services et d'installations.
24630|aAcquisition de biens, de services et d'installations
264 1|a[Gatineau, Québec] : |bEmploi et développement social Canada = Employment and Social Development Canada, |c[2025]-
310 |aAnnuel
336 |atexte|btxt|2rdacontent/fre
337 |ainformatique|bc|2rdamedia/fre
338 |aressource en ligne|bcr|2rdacarrier/fre
3621 |aParaît depuis : 29 janvier 2025.
500 |aPublié aussi en anglais sous le titre : A performance indicator framework for accessibility data. Procurement of goods, services and facilities.
588 |aDescription d'après : 29 janvier 2025; titre de la page couverture du fichier PDF.
588 |aDernière livraison consultée : 29 janvier 2025.
650 6|aAchat|zCanada|vPériodiques.
650 6|aAccessibilité aux personnes handicapées|xPolitique gouvernementale|zCanada|xÉvaluation|vPériodiques.
650 6|aAccessibilité aux personnes handicapées|xNormes|zCanada|vPériodiques.
655 7|aPériodiques|2rvmgf
7101 |aCanada. |bEmploi et développement social Canada, |eorganisme de publication.
77508|tA performance indicator framework for accessibility data. |w(CaOODSP)9.944336